Văn bản quy phạm pháp luật và quy trình ban hành văn bản quy phạm pháp luật : (Sách chuyên khảo)
Nội dung sách nghiên cứu những quy định mới của luật ban hành văn bản quy phạm pháp luật, nhất là quy trình xây dựng, ban hành luật, pháp lệnh, giúp những người làm công tác xây dựng pháp luật hình dung đầy đủ về hệ thống pháp luật....
Đã lưu trong:
| 主要作者: | |
|---|---|
| 格式: | 圖書 |
| 語言: | Undetermined |
| 出版: |
Hà Nội
Thời đại
2009
|
| 主題: | |
| 標簽: |
添加標簽
沒有標簽, 成為第一個標記此記錄!
|
| Thư viện lưu trữ: | Trung tâm Học liệu Trường Đại học Cần Thơ |
|---|
| LEADER | 01031nam a2200217Ia 4500 | ||
|---|---|---|---|
| 001 | CTU_227941 | ||
| 008 | 210402s9999 xx 000 0 und d | ||
| 082 | |a 348.59702 | ||
| 082 | |b L600 | ||
| 100 | |a Phan, Trung Lý | ||
| 245 | 0 | |a Văn bản quy phạm pháp luật và quy trình ban hành văn bản quy phạm pháp luật : | |
| 245 | 0 | |b (Sách chuyên khảo) | |
| 245 | 0 | |c Phan Trung Lý (chủ biên) | |
| 260 | |a Hà Nội | ||
| 260 | |b Thời đại | ||
| 260 | |c 2009 | ||
| 520 | |a Nội dung sách nghiên cứu những quy định mới của luật ban hành văn bản quy phạm pháp luật, nhất là quy trình xây dựng, ban hành luật, pháp lệnh, giúp những người làm công tác xây dựng pháp luật hình dung đầy đủ về hệ thống pháp luật. | ||
| 650 | |a Luật pháp,Law | ||
| 650 | |z Việt Nam,Vietnam | ||
| 910 | |b dqhieu | ||
| 980 | |a Trung tâm Học liệu Trường Đại học Cần Thơ | ||